|
|
|
|
| LEADER |
00000nam a2200000 a 4500 |
| 001 |
vtls010575874 |
| 003 |
SK-MaSNL |
| 005 |
20260302013146.0 |
| 008 |
210928s1968 hu h 000 0 lat |
| 040 |
|
|
|a SNK
|b slo
|c SNK
|e AACR2
|
| 041 |
0 |
|
|a lat
|
| 044 |
|
|
|a hu
|c HU
|
| 080 |
|
|
|a 894.511-94
|2 1981
|
| 080 |
|
|
|a 943.9"13"
|2 1981
|
| 080 |
|
|
|a 894.511(091)"14"
|2 1981
|
| 245 |
0 |
0 |
|a Bilderchronik
|b Chronica de Gestis Hungarorum. Wiener Bilderchronik
|n Band 1.
|p Faksimiledruck
|
| 246 |
3 |
0 |
|a Faksimiledruck
|
| 246 |
3 |
1 |
|a Chronicon pictum
|
| 246 |
3 |
1 |
|a Chronica de gestis Hungarorum
|
| 246 |
3 |
0 |
|a Wiener Bilderchronik
|
| 260 |
|
|
|a Budapest
|b Corvina
|c 1968
|
| 300 |
|
|
|a 146 str.
|b faksim.
|c 34 cm
|
| 650 |
0 |
7 |
|a stredovek
|2 SNKPH
|9 4259
|
| 650 |
0 |
7 |
|a Maďari
|x dejiny
|2 SNKPH
|9 23003
|
| 651 |
|
7 |
|a Uhorsko
|x dejiny
|2 SNKPH
|9 56334
|
| 655 |
|
7 |
|a kroniky
|2 SNKPH
|9 70488
|
| 655 |
|
7 |
|a faksimile
|2 SNKPH
|9 70487
|
| 958 |
|
|
|a OND
|
| 999 |
|
|
|c 1011920
|d 1013850
|
| 952 |
|
|
|a SNK
|b SNK
|y VYP
|7 0
|p 17A1093431
|o snkIB 72771
|i snk2013/28756
|8 2
|g 22.00
|0 0
|1 0
|4 0
|d 2013-11-08
|l 0
|r 2026-02-24 12:56:37
|w 2026-02-24
|